DB (Record no. 121838)

MARC details
000 -LEADER
fixed length control field 00592cam a2200193 4500
008 - FIXED-LENGTH DATA ELEMENTS--GENERAL INFORMATION
fixed length control field 240313t2009 000 0 eng u
020 ## - INTERNATIONAL STANDARD BOOK NUMBER
International Standard Book Number 9781847039415
041 0# - LANGUAGE CODE
Language code of text/sound track or separate title eng
110 2# - MAIN ENTRY--CORPORATE NAME
Corporate name or jurisdiction name as entry element Joint Contracts Tribunal
9 (RLIN) 3664
240 00 - UNIFORM TITLE
Uniform title DB
245 00 - TITLE STATEMENT
Title DB
Remainder of title Design and Build Contract 2005, Revision 2009
250 ## - EDITION STATEMENT
Edition statement Revision 2 2009
260 ## - PUBLICATION, DISTRIBUTION, ETC.
Place of publication, distribution, etc. London
Name of publisher, distributor, etc. Sweet and Maxwell Limited
Date of publication, distribution, etc. 2009
300 ## - PHYSICAL DESCRIPTION
Extent ii, 112p
Dimensions 30cm.
650 24 - SUBJECT ADDED ENTRY--TOPICAL TERM
Topical term or geographic name entry element JCT DESIGN AND BUILD SUBCONTRACT (2005 EDITION) (REVISION 2009)
651 #4 - SUBJECT ADDED ENTRY--GEOGRAPHIC NAME
Geographic name United Kingdom
690 ## - LOCAL SUBJECT ADDED ENTRY--TOPICAL TERM (OCLC, RLIN)
Topical term or geographic name as entry element Construction management
9 (RLIN) 6230
942 ## - ADDED ENTRY ELEMENTS (KOHA)
Suppress in OPAC 0
Source of classification or shelving scheme Dewey Decimal Classification
Holdings
Withdrawn status Lost status Damaged status Not for loan Home library Current library Shelving location Date acquired Total Checkouts Full call number Date last seen Price effective from Koha item type
        London London Boxed set 13/03/2024   JCT 2009/21 13/03/2024 13/03/2024 Book